Logika - množiny - relácie štud. text pre učiteľov matematiky v 6.-9. roč. ZDŠ

Bibliographic Details
Main Authors: Franek, Miloš (Author), Hejný, Milan, 1936- (Author), Sivošová, Alica, 1934- (Author)
Format: Book
Language:Slovak
PhysicalDescription:206, [1] s. ilustr., grafy, sch., tab. 4°
Published: Bratislava Slovenské pedagogické nakladateľstvo 1974
Subjects:

MARC

LEADER 00000nam a2200000 a 4500
001 vtls008349750
003 SK-MaSNL
005 20260301044856.0
008 240318s1974 xo da e 000 0 slo
015 |a SKSNBA1974/11-02904 
035 |a SK01SNK19740041967 
035 |a SKM000044430 
040 |a SNK  |b slo  |c SNK  |e AACR2 
041 0 |a slo 
044 |a xo  |c SK 
080 |a 517.1(075.8)  |2 1981 
080 |a 510.6(075.8)  |2 1981 
100 1 |a Franek, Miloš  |4 aut  |9 60557 
245 1 0 |a Logika - množiny - relácie  |b štud. text pre učiteľov matematiky v 6.-9. roč. ZDŠ  |c autori: Miloš Franek, Milan Hejný, Alica Sivošová 
260 |a Bratislava  |b Slovenské pedagogické nakladateľstvo  |c 1974 
300 |a 206, [1] s.  |b ilustr., grafy, sch., tab.  |c 4° 
366 |e 5150 výt. Reg. 
500 |a Pozn. 
650 0 7 |a matematická logika  |2 SNKPH  |9 50083 
650 0 7 |a množiny (matematika)  |2 SNKPH  |9 163144 
655 7 |a učebnice vysokých škôl  |2 SNKPH  |9 70191 
700 1 |a Hejný, Milan,  |d 1936-  |4 aut  |9 105416 
700 1 |a Sivošová, Alica,  |d 1934-  |4 aut  |9 6304 
958 |a OND 
958 |a RM 
958 |a RK 
958 |a UV 
999 |c 596995  |d 598925 
952 |a SNK  |b SNK  |y PREZ  |7 0  |p 17A0920060  |o snkSB 21456  |i snkKSP 7270/74  |0 0  |1 0  |4 0  |d 2014-04-29  |f 1  |l 0  |r 2025-03-24 00:00:00  |w 2026-02-23